000 00544nam a2200181Ia 4500
008 100917s9999 xx 000 0 und d
082 _b59176
100 _aगोखले वि. वि.
245 _aमॅड मॅड अमेरिका
260 _bकॉन्टिनेंटल प्रकाशन
_c1982
300 _a165
365 _b16
520 _aकथा
630 _aमॅड मॅड अमेरिका
650 _aकथा
730 _aमॅड मॅड अमेरिका
942 _cBOOK
999 _c664570
_d664567